000
00489nam a2200157Ia 4500
008
090124s9999 xx 000 0 und d
082
_b
46086
100
_a
गोडबोले अरुण
245
_a
सिनेमाचे दिवस
250
_a
0
600
_a
गोडबोले अरुण
630
_a
सिनेमाचे दिवस
700
_a
गोडबोले अरुण
730
_a
सिनेमाचे दिवस
942
_c
BOOK
999
_c
112307
_d
112307